000 00467nam a2200193Ia 4500
005 20240823031535.0
008 240823s9999||||xx |||||||||||||| ||und||
041 _aENGLISH
082 _A620.106 P7
100 _aPurshothama Raj
245 0 _aFluid Mechanics and Machinery
250 _a1st
260 _c2007
_bSri Krishna Publi
_aChennai
500 _aYES
650 _aFluid Mechanics
_bMechanical
700 _a Ramasay V
942 _cBK
999 _c191318
_d191318